Top 25+ Highest Rated Attack on Titan Episodes on IMDB - Statistics

General Stats
  • This quiz has been taken 39 times
  • The average score is 10 of 26
Answer Stats
Place Rating (Votes) Answer % Correct
1 9.8 (146K) 3x17 (Hero)
89%
7 9.8 (79K) 3x18 (Midnight Sun)
74%
2 9.8 (95K) 3x16 (Perfect Game)
58%
11 9.7 (62K) 3x20 (That Day)
58%
22 9.5 (33K) 3x13 (The Town Where Everything Began)
47%
23 9.5 (33K) 3x15 (Descent)
47%
20 9.5 (34K) 3x22 (The Other Side of the Wall)
47%
24 9.5 (32K) 3x14 (Thunder Spears)
42%
5 9.8 (88K) 4x20 (Memories of the Future)
42%
13 9.7 (42K) 2x12 (Scream)
37%
4 9.8 (88K) 4x05 (Declaration of War)
37%
18 9.5 (42K) 4x13 (Children of the Forest)
37%
19 9.5 (39K) 4x15 (Sole Salvation)
37%
10 9.7 (84K) 4x19 (Two Brothers)
37%
6 9.8 (87K) 4x21 (From You, 2000 Years Ago)
37%
16 9.6 (31K) 1x21 (Crushing Blow)
37%
15 9.6 (39K) 3x21 (Attack Titan)
32%
3 9.8 (89K) 4x06 (The War Hammer Titan)
32%
21 9.5 (33K) 4x27 (Retrospective)
32%
9 9.7 (114K) 4x07 (Assault)
26%
8 9.8 (57K) 2x06 (Warrior)
21%
12 9.7 (45K) 4x14 (Savagery)
21%
14 9.6 (43K) 4x28 (The Dawn of Humanity)
21%
26 9.5 (28K) 2x11 (Charge)
11%
17 9.6 (30K) 2x07 (Close Combat)
5%
25 9.5 (30K) 3x07 (Wish)
5%
No matching quizzes found
Score Distribution
Percent of People with Each Score
Percentile by Number Answered
Your Score History
You have not taken this quiz